LDR 01016nam a2200217 i 4500 001 000000117280 003 CaOOAMICUS 005 20040804000000.0 008 040804n it u000 u ita u 013 $a89969 040 $aSeMil$bita 100 1 $aPontevivo, Lysle.$0(OLS)http://semarc/name/48951 245 10$aNuovo dizionario moderno delle lingue italiana e tedesca :$bItaliano-Tedesco, Tedesco-Italiano /$cLysle Pontevivo. 260 $aTorino :$bCasanova & C.,$c[19--] 300 $a1 v. ;$c19 cm. 500 $aIn mezzo al front. : dizionario commerciale, tavole di nomenclatura. 650 4$aLingua tedesca - Dizionari, vocabolari, glossari, etc.$0(OLS)http://semarc/subject/696 850 $aSeMil 852 $aSeMil$W1$xVenegono$y1$m1P I 24$j245715$B72673$CSeMilBibl$Z2$F85353 $8I 996 $6245$aNuovo dizionario moderno delle lingue italiana e tedesca :$bItaliano-Tedesco, Tedesco-Italiano$9(OLS)http://semarc/title/172163 996 $6260$aTorino :$bCasanova & C.$9(OLS)http://semarc/publisher/39207